00241nam a2200097Ia 4500008004100000100002100041245002200062260003800084300000900122650001200131191201s2008 xx 000 0 und d aCAREY, Francis A 0aOrganic Chemistry aN. delhibTata mc Graw Hillc2008 a1229 aApplied